[Event "Rio Claro op"]
[Site "Rio Claro"]
[Date "2014.05.16"]
[Round "2"]
[White "Deus Filho, Joaquim"]
[Black "Gardim, Leonardo D'Almada"]
[Result "0-1"]
[WhiteElo "2028"]
[BlackElo "1620"]
[PlyCount "76"]
[EventDate "2014.05.16"]
[EventType "swiss"]
[EventRounds "6"]
[EventCountry "BRA"]
[SourceTitle "CBM 160 Extra"]
[Source "ChessBase"]
[SourceDate "2014.07.01"]
[SourceVersion "1"]
[SourceVersionDate "2014.07.01"]
[SourceQuality "1"]

1. e4 c5 2. Nc3 g6 3. f4 Bg7 4. Nf3 Nc6 5. Bc4 e6 6. f5 Nge7 7. fxg6 hxg6 8. Bb3 a6 9. a4 Qc7 10. Ne2 Na5 11. Ba2 c4 12. d3 d5 13. 0-0 cxd3 14. cxd3 dxe4 15. dxe4 Nc4 16. Bxc4 Qxc4 17. Bg5 Bd7 18. Nfd4 Qc7 19. h3 Qe5 20. Qd2 Nc6 21. Nf3 Qa5 22. Nc3 Bc8 23. Qd6 Bf8 24. Qf4 Bg7 25. e5 0-0 26. Bf6 Qb4 27. Ne4 Ne7 28. g4 Nd5 29. Qg5 Qxe4 30. Rae1 Qf4 31. Qh4 Nxf6 32. Ng5 Qd4+ 33. Rf2 Nh5 34. Ne4 Nf4 35. Kf1 Nd3 36. Rd2 Rd8 37. Ng5 Qc4 38. Nxe6 Bxe6 0-1

[Event "BRA-ch U18"]
[Site "Tres Rios"]
[Date "2014.05.10"]
[Round "4"]
[White "Luz, Arthur Nader"]
[Black "Gardim, Leonardo D'Almada"]
[Result "0-1"]
[WhiteElo "1884"]
[BlackElo "1620"]
[PlyCount "94"]
[EventDate "2014.05.08"]
[EventType "swiss"]
[EventRounds "6"]
[EventCountry "BRA"]
[SourceTitle "EXT 2018"]
[Source "ChessBase"]
[SourceDate "2017.10.13"]
[SourceVersion "1"]
[SourceVersionDate "2017.10.13"]
[SourceQuality "1"]

1. d4 Nf6 2. c4 g6 3. f3 Bg7 4. e4 d6 5. Be3 0-0 6. Ne2 e5 7. Nbc3 Nc6 8. d5 Ne7 9. Nc1 c6 10. Be2 cxd5 11. cxd5 a6 12. 0-0 b5 13. b4 Nh5 14. a4 bxa4 15. Nxa4 Rb8 16. Nd3 Bd7 17. Nc3 Ra8 18. Qd2 Re8 19. Ra5 Bc8 20. Na4 Bb7 21. Nb6 Rb8 22. Nb2 Nc8 23. Nxc8 Qxc8 24. Na4 Nf4 25. Ba7 Bh6 26. Kh1 Kg7 27. Be3 g5 28. Rc1 Qd7 29. Bxa6 Bxa6 30. Rxa6 Rec8 31. Rxc8 Rxc8 32. Nc3 Qb7 33. Rb6 Qa7 34. Rc6 Qb7 35. g3 Ng6 36. Rxc8 Qxc8 37. Kg2 Qc4 38. b5 Ne7 39. b6 Qb3 40. Qd3 Qb2+ 41. Kh3 g4+ 42. fxg4 Bxe3 43. Qxe3 Qa1 44. b7 Qf1+ 45. Kh4 Ng6+ 46. Kh5 Qh3+ 47. Kg5 h6+ 0-1

[Event "BRA-ch U18"]
[Site "Tres Rios"]
[Date "2014.05.09"]
[Round "2"]
[White "Supi, Luis Paulo"]
[Black "Gardim, Leonardo D'Almada"]
[Result "1-0"]
[WhiteElo "2329"]
[BlackElo "1620"]
[PlyCount "57"]
[EventDate "2014.05.08"]
[EventType "swiss"]
[EventRounds "6"]
[EventCountry "BRA"]
[SourceTitle "EXT 2018"]
[Source "ChessBase"]
[SourceDate "2017.10.13"]
[SourceVersion "1"]
[SourceVersionDate "2017.10.13"]
[SourceQuality "1"]

1. e4 c5 2. Nf3 g6 3. Bc4 Bg7 4. 0-0 Nc6 5. c3 e6 6. d4 cxd4 7. Nxd4 a6 8. Bb3 Nge7 9. Bg5 Qc7 10. Nd2 b5 11. N2f3 Bb7 12. Re1 0-0 13. Qd2 Rfe8 14. Bh6 Nxd4 15. cxd4 Bh8 16. h4 d5 17. e5 Nf5 18. Bg5 a5 19. g4 Ne7 20. h5 a4 21. Bf6 axb3 22. Qh6 gxh5 23. Rac1 Qxc1 24. Rxc1 Ng6 25. Ng5 Nf8 26. Bxh8 Kxh8 27. Qf6+ Kg8 28. Qxf7+ Kh8 29. Rc7 1-0

[Event "Ribeirao Preto op"]
[Site "Ribeirao Preto"]
[Date "2014.04.06"]
[Round "6"]
[White "De Oliveira, Peter"]
[Black "Gardim, Leonardo D'Almada"]
[Result "1-0"]
[WhiteElo "1886"]
[BlackElo "1591"]
[PlyCount "71"]
[EventDate "2014.04.04"]
[EventType "swiss"]
[EventRounds "6"]
[EventCountry "BRA"]
[SourceTitle "CBM 159 Extra"]
[Source "ChessBase"]
[SourceDate "2014.04.24"]
[SourceVersion "1"]
[SourceVersionDate "2014.04.24"]
[SourceQuality "1"]

1. d4 Nf6 2. Bg5 g6 3. Nd2 Bg7 4. e4 d6 5. Ngf3 0-0 6. c3 Nbd7 7. Bc4 e5 8. Qc2 a6 9. a4 c6 10. a5 Qc7 11. dxe5 Nxe5 12. Nxe5 dxe5 13. 0-0 Qd6 14. Rfd1 Bg4 15. f3 Be6 16. Be3 Nd7 17. Qb3 Bxc4 18. Nxc4 Qc7 19. Rd2 Rfe8 20. Rad1 Nf8 21. Nd6 Re7 22. Bb6 Qb8 23. Nxf7 Rxf7 24. Rd8 Qxd8 25. Bxd8 h6 26. Rd6 g5 27. Bb6 Re8 28. Bc5 h5 29. Be3 g4 30. fxg4 hxg4 31. Qd1 Ne6 32. Qxg4 Nf4 33. Bxf4 Rxf4 34. Qg6 Ref8 35. h4 Rxh4 36. Rd7 1-0

[Event "Ribeirao Preto op"]
[Site "Ribeirao Preto"]
[Date "2014.04.04"]
[Round "1"]
[White "Gardim, Leonardo D'Almada"]
[Black "Molina, Roberto Junio Brito"]
[Result "1/2-1/2"]
[WhiteElo "1591"]
[BlackElo "2432"]
[PlyCount "116"]
[EventDate "2014.04.04"]
[EventType "swiss"]
[EventRounds "6"]
[EventCountry "BRA"]
[SourceTitle "CBM 159 Extra"]
[Source "ChessBase"]
[SourceDate "2014.04.24"]
[SourceVersion "1"]
[SourceVersionDate "2014.04.24"]
[SourceQuality "1"]

1. e4 c5 2. Nf3 e6 3. d3 g6 4. g3 Bg7 5. Bg2 Nc6 6. 0-0 Nge7 7. Re1 d6 8. c3 e5 9. Be3 0-0 10. Nbd2 h6 11. Rb1 f5 12. Nf1 f4 13. Bc1 Be6 14. a3 g5 15. b4 g4 16. N3d2 b6 17. b5 Na5 18. c4 Ng6 19. Nb3 Nb7 20. Bd2 Qf6 21. Bc3 Nd8 22. Nfd2 Nf7 23. a4 Ng5 24. a5 h5 25. Ra1 Rab8 26. axb6 axb6 27. Ra2 h4 28. Nb1 Bh6 29. Qc2 h3 30. Bh1 fxg3 31. fxg3 Nf3+ 32. Bxf3 Qxf3 33. Qe2 Qxe2 34. Raxe2 Rf3 35. Bd2 Bxd2 36. Rxd2 Ra8 37. Rf1 Rxf1+ 38. Kxf1 Nf8 39. Rf2 Nh7 40. Ke2 Ng5 41. Ke3 Nf3 42. N3d2 Nd4 43. Nf1 Kg7 44. Nc3 Ra3 45. Nd5 Bxd5 46. exd5 Kg6 47. Ke4 Ra1 48. Ne3 Re1 49. Rf6+ Kg7 50. Rf7+ Kh8 51. Rh7+ Kg8 52. Rg7+ Kf8 53. Rf7+ Ke8 54. Re7+ Kd8 55. Rd7+ Kc8 56. Rc7+ Kb8 57. Rb7+ Kc8 58. Rc7+ Kxc7 1/2-1/2

[Event "Batatais IRT op"]
[Site "Batatais"]
[Date "2014.01.18"]
[Round "2"]
[White "Pereira, Luciana Borges"]
[Black "Gardim, Leonardo D'Almada"]
[Result "0-1"]
[WhiteElo "1763"]
[BlackElo "1597"]
[PlyCount "46"]
[EventDate "2014.01.18"]
[EventType "swiss"]
[EventRounds "5"]
[EventCountry "BRA"]
[SourceTitle "CBM 158 Extra"]
[Source "ChessBase"]
[SourceDate "2014.02.28"]
[SourceVersion "1"]
[SourceVersionDate "2014.02.28"]
[SourceQuality "1"]

1. e4 c5 2. c4 g6 3. Nc3 Nc6 4. Nf3 Bg7 5. Ng5 e6 6. d3 Nd4 7. Nb5 Nxb5 8. Nxf7 Kxf7 9. cxb5 Qf6 10. Qe2 Ne7 11. g3 Rf8 12. Bg2 Kg8 13. 0-0 d5 14. h4 h6 15. e5 Qxe5 16. Qc2 b6 17. Bf4 Qxb2 18. Qd1 Qxa1 19. Qxa1 Bxa1 20. Rxa1 Rxf4 21. gxf4 Nf5 22. Re1 Nxh4 23. Bh3 Nf3+ 0-1

[Event "Cordeiropolis op 3rd"]
[Site "Cordeiropolis"]
[Date "2013.08.31"]
[Round "3"]
[White "Custodio, Carolinne Martins"]
[Black "Gardim, Leonardo D'Almada"]
[Result "0-1"]
[WhiteElo "1800"]
[BlackElo "1587"]
[PlyCount "130"]
[EventDate "2013.08.30"]
[EventType "swiss"]
[EventRounds "6"]
[EventCountry "BRA"]
[SourceTitle "CBM 156 Extra"]
[Source "ChessBase"]
[SourceDate "2013.10.22"]
[SourceVersion "1"]
[SourceVersionDate "2013.10.22"]
[SourceQuality "1"]

1. e4 c5 2. Nf3 g6 3. d4 cxd4 4. Nxd4 Bg7 5. Be3 Nc6 6. Nc3 Nf6 7. Bc4 Qa5 8. 0-0 0-0 9. Nxc6 dxc6 10. Qc1 Ng4 11. Bd2 Qe5 12. Bf4 Qc5 13. Bb3 b5 14. h3 Nf6 15. Bh6 Nh5 16. Bxg7 Kxg7 17. a3 e5 18. Kh1 Nf4 19. Qd2 h5 20. Ne2 Ne6 21. f4 Rd8 22. Qc1 exf4 23. Nxf4 Qe5 24. Nxe6+ Bxe6 25. Bxe6 Qxe6 26. Qe3 Qe5 27. Qf3 Rd7 28. c3 Re8 29. Rae1 Rde7 30. Qf2 a5 31. Qb6 Qc7 32. Qd4+ Qe5 33. Qb6 Qc7 34. Qd4+ Re5 35. Re2 c5 36. Qd3 Qc6 37. Rfe1 R8e7 38. Re3 Qb6 39. R3e2 c4 40. Qc2 a4 41. Kh2 Qd6 42. Kh1 Qe6 43. Kg1 f5 44. Re3 fxe4 45. Kf2 Qf5+ 46. Kg1 Qe6 47. Kf1 Kf6 48. Kg1 Qd5 49. Rf1+ Kg7 50. Rfe1 h4 51. Rd1 Qc5 52. Rde1 g5 53. Kh1 Qd5 54. Rd1 Qe6 55. Rde1 g4 56. Qf2 g3 57. Qc2 Rf7 58. Kg1 Rf4 59. R1e2 Qf5 60. Re1 Re6 61. Qd1 Rf6 62. R3e2 Rf2 63. Rxe4 Rxg2+ 64. Kh1 Rh2+ 65. Kg1 Qf2# 0-1

[Event "Americana Region-ch 4th"]
[Site "Americana"]
[Date "2013.01.26"]
[Round "4.6"]
[White "Gardim, Leonardo D'Almada"]
[Black "Correia, Vitor Paie"]
[Result "1-0"]
[WhiteElo "1561"]
[BlackElo "1443"]
[PlyCount "69"]
[EventDate "2013.01.25"]
[EventType "swiss"]
[EventRounds "6"]
[EventCountry "BRA"]
[SourceTitle "EXT 2022"]
[Source "ChessBase"]
[SourceDate "2021.10.06"]
[SourceVersion "1"]
[SourceVersionDate "2021.10.06"]
[SourceQuality "1"]

1. e4 c6 2. d4 d5 3. Nc3 dxe4 4. Nxe4 Bf5 5. Ng3 Bg6 6. Nf3 Nd7 7. Bd3 Bxd3 8. Qxd3 Ngf6 9. 0-0 e6 10. b3 Be7 11. Bb2 0-0 12. c4 Rc8 13. Rfd1 Qc7 14. Qe2 Rfd8 15. Rac1 Qa5 16. a3 Qb6 17. b4 a5 18. c5 Qc7 19. Ne5 axb4 20. axb4 Nd5 21. b5 Nxe5 22. b6 Nf3+ 23. Qxf3 Qf4 24. Qxf4 Nxf4 25. Ra1 Rb8 26. Ne4 Rd7 27. g3 Nd5 28. Nd2 Bf6 29. Nc4 Be7 30. Ra7 Nb4 31. Rda1 Na6 32. R1xa6 Bxc5 33. Ra1 Bxd4 34. Bxd4 Rxd4 35. Rxb7 1-0

[Event "Altinopolis op 2nd"]
[Site "Altinopolis"]
[Date "2013.??.??"]
[Round "6"]
[White "Barbosa, Leonardo Silva"]
[Black "Gardim, Leonardo D'Almada"]
[Result "1/2-1/2"]
[WhiteElo "1795"]
[BlackElo "1573"]
[PlyCount "137"]
[EventDate "2013.03.22"]
[EventType "swiss"]
[EventRounds "6"]
[EventCountry "BRA"]
[SourceTitle "CBM 153 Extra"]
[Source "ChessBase"]
[SourceDate "2013.04.22"]
[SourceVersion "1"]
[SourceVersionDate "2013.04.22"]
[SourceQuality "1"]

1. e4 c5 2. Nf3 g6 3. d3 Bg7 4. Nc3 Nc6 5. Be2 Nf6 6. 0-0 0-0 7. Be3 d6 8. g3 a6 9. a4 Rb8 10. d4 cxd4 11. Nxd4 Bd7 12. Nxc6 Bxc6 13. Bf3 b5 14. axb5 axb5 15. Ra6 Bd7 16. Ba7 Rc8 17. Qd3 Qc7 18. Rc1 Qb7 19. Raa1 b4 20. Ne2 Bc6 21. e5 dxe5 22. Bxc6 Qxc6 23. Rab1 Qc4 24. Qxc4 Rxc4 25. b3 Rc6 26. c3 bxc3 27. Rxc3 Ra6 28. Bc5 Ne4 29. Rcc1 Nxc5 30. Rxc5 Rb6 31. b4 Rfb8 32. b5 e6 33. Nc3 Bf8 34. Rxe5 Bg7 35. Re3 Bxc3 36. Rxc3 Rxb5 37. Rxb5 Rxb5 38. Rc7 Kg7 39. h3 Kf6 40. Kg2 Rb3 41. h4 h5 42. Rc6 Kf5 43. Rc5+ Kf6 44. Rc6 Rd3 45. Rb6 Kf5 46. Rb7 f6 47. Rb5+ e5 48. Rc5 g5 49. hxg5 fxg5 50. Rc8 g4 51. Rh8 Kg6 52. Rg8+ Kh7 53. Re8 Rd5 54. Kh2 Kg7 55. Ra8 e4 56. Re8 Rd4 57. Re5 Kg6 58. Kg1 Rd1+ 59. Kg2 Re1 60. Kh2 Re2 61. Kg1 Re1+ 62. Kh2 Kf6 63. Rxh5 e3 64. fxe3 Rxe3 65. Ra5 Re5 66. Ra4 Kf5 67. Kg2 Re4 68. Ra5+ Ke6 69. Kf2 1/2-1/2

[Event "Barrinha op 1st"]
[Site "Barrinha"]
[Date "2013.??.??"]
[Round "3"]
[White "Gardim, Leonardo D'Almada"]
[Black "Deus Filho, Joaquim"]
[Result "1-0"]
[WhiteElo "1585"]
[BlackElo "2013"]
[PlyCount "93"]
[EventDate "2013.11.15"]
[EventType "swiss"]
[EventRounds "6"]
[EventCountry "BRA"]
[SourceTitle "EXT 2015"]
[Source "ChessBase"]
[SourceDate "2014.11.20"]
[SourceVersion "1"]
[SourceVersionDate "2014.11.20"]
[SourceQuality "1"]

1. e4 c5 2. Nf3 d6 3. d4 cxd4 4. Qxd4 Nc6 5. Bb5 a6 6. Bxc6+ bxc6 7. Nc3 e5 8. Qd3 a5 9. Bg5 Nf6 10. 0-0-0 h6 11. Bh4 Qb6 12. Nd2 Be6 13. Bxf6 gxf6 14. Nc4 Bxc4 15. Qxc4 Rb8 16. Na4 Qc7 17. a3 Be7 18. Rd3 Rg8 19. g3 f5 20. f3 h5 21. Nc3 Qb7 22. Na4 Qc8 23. Rf1 Qb7 24. Rb3 Qc7 25. Rxb8+ Qxb8 26. Qxc6+ Kf8 27. Nb6 Kg7 28. Nd5 Rc8 29. Qb6 Qxb6 30. Nxb6 Rc5 31. b4 Rb5 32. Nd5 Bg5+ 33. Kb2 axb4 34. axb4 Rb7 35. exf5 h4 36. Kb3 h3 37. f4 Bf6 38. c4 Bd8 39. fxe5 dxe5 40. c5 Kf8 41. f6 Ra7 42. b5 Rd7 43. Kc4 Ra7 44. Nc3 Rd7 45. Rd1 Rd4+ 46. Rxd4 exd4 47. Nd5 1-0

[Event "Barrinha op 1st"]
[Site "Barrinha"]
[Date "2013.??.??"]
[Round "5"]
[White "Gardim, Leonardo D'Almada"]
[Black "Rezende, Paulo Aparecido"]
[Result "1/2-1/2"]
[WhiteElo "1585"]
[BlackElo "1832"]
[PlyCount "104"]
[EventDate "2013.11.15"]
[EventType "swiss"]
[EventRounds "6"]
[EventCountry "BRA"]
[SourceTitle "EXT 2015"]
[Source "ChessBase"]
[SourceDate "2014.11.20"]
[SourceVersion "1"]
[SourceVersionDate "2014.11.20"]
[SourceQuality "1"]

1. e4 e6 2. d3 d5 3. Qe2 Bc5 4. g3 Ne7 5. Bg2 0-0 6. Nf3 b6 7. 0-0 Bb7 8. e5 Ng6 9. h4 a5 10. a3 Re8 11. Re1 Nc6 12. h5 Nge7 13. Bf4 Nf5 14. c3 Be7 15. Nbd2 Qd7 16. Nf1 Nd8 17. N1h2 c5 18. Ng4 h6 19. Qd2 Kh7 20. Nfh2 Nc6 21. Nf3 Rh8 22. Ngh2 g5 23. hxg6+ fxg6 24. Bh3 Kg7 25. g4 Nh4 26. Nxh4 Bxh4 27. Nf3 Be7 28. d4 Raf8 29. Kg2 Qe8 30. g5 Qf7 31. gxh6+ Kg8 32. Ng5 Bxg5 33. Bxg5 Qf3+ 34. Kh2 Bc8 35. Bf6 Rxf6 36. exf6 Qxf6 37. dxc5 bxc5 38. Qe3 Kh7 39. Rg1 Rf8 40. Qxc5 Qf4+ 41. Rg3 Qxf2+ 42. Qxf2 Rxf2+ 43. Rg2 Rf6 44. Re1 Kxh6 45. Rge2 Nd8 46. Kg3 Kg5 47. b4 axb4 48. axb4 Rf8 49. Bxe6 Bxe6 50. Rxe6 Nxe6 51. Rxe6 Rc8 52. Re3 Kf5 1/2-1/2

[Event "Altinopolis op 2nd"]
[Site "Altinopolis"]
[Date "2013.??.??"]
[Round "4"]
[White "Gardim, Leonardo D'Almada"]
[Black "Takata, Felipe Sandron"]
[Result "1/2-1/2"]
[WhiteElo "1573"]
[BlackElo "1546"]
[PlyCount "45"]
[EventDate "2013.03.22"]
[EventType "swiss"]
[EventRounds "6"]
[EventCountry "BRA"]
[SourceTitle "CBM 153 Extra"]
[Source "ChessBase"]
[SourceDate "2013.04.22"]
[SourceVersion "1"]
[SourceVersionDate "2013.04.22"]
[SourceQuality "1"]

1. e4 c5 2. Nc3 e6 3. d3 d5 4. g3 dxe4 5. Nxe4 Nf6 6. Bg5 Be7 7. c3 Nxe4 8. Bxe7 Qxe7 9. dxe4 0-0 10. Bg2 Nc6 11. Ne2 Rd8 12. Qc2 a6 13. 0-0 b5 14. a3 Bb7 15. Nf4 Rd7 16. Rad1 Rad8 17. h4 c4 18. Qe2 Rxd1 19. Rxd1 Rxd1+ 20. Qxd1 Qd8 21. Qxd8+ Nxd8 22. Kf1 Kf8 23. Ke2 1/2-1/2

[Event "BRA-ch U16"]
[Site "Sao Paulo"]
[Date "2012.04.30"]
[Round "5"]
[White "Gardim, Leonardo D'Almada"]
[Black "Angeli Galvani, Jose Henrique"]
[Result "1/2-1/2"]
[WhiteElo "1520"]
[BlackElo "1790"]
[PlyCount "49"]
[EventDate "2012.04.28"]
[EventType "swiss"]
[EventRounds "7"]
[EventCountry "BRA"]
[SourceTitle "CBM 148 Extra"]
[Source "ChessBase"]
[SourceDate "2012.06.22"]
[SourceVersion "1"]
[SourceVersionDate "2012.06.22"]
[SourceQuality "1"]

1. e4 c5 2. Nc3 e6 3. f4 d5 4. e5 Nc6 5. Nf3 Be7 6. d3 Nh6 7. Be2 0-0 8. 0-0 f5 9. exf6 Bxf6 10. Qe1 Nf5 11. Bd1 Bd4+ 12. Kh1 Bf6 13. Na4 b6 14. Nc3 Ncd4 15. a4 Bd7 16. Ne5 Qc7 17. Nf3 a6 18. Ne2 Nxf3 19. Rxf3 Be8 20. Nc3 Qd7 21. Rh3 Bg6 22. g4 Nd6 23. Bf3 Rac8 24. g5 Be7 25. Bd2 1/2-1/2

[Event "BRA-ch U16"]
[Site "Sao Paulo"]
[Date "2012.04.28"]
[Round "1"]
[White "Gardim, Leonardo D'Almada"]
[Black "Supi, Luis Paulo"]
[Result "0-1"]
[WhiteElo "1520"]
[BlackElo "2218"]
[PlyCount "51"]
[EventDate "2012.04.28"]
[EventType "swiss"]
[EventRounds "7"]
[EventCountry "BRA"]
[SourceTitle "CBM 148 Extra"]
[Source "ChessBase"]
[SourceDate "2012.06.22"]
[SourceVersion "1"]
[SourceVersionDate "2012.06.22"]
[SourceQuality "1"]

1. e4 c5 2. Nc3 Nc6 3. f4 g6 4. Nf3 Bg7 5. Bc4 e6 6. 0-0 Nge7 7. Qe1 0-0 8. d3 d5 9. Bb5 Nd4 10. Ba4 Bd7 11. Bb3 a5 12. a4 c4 13. dxc4 dxc4 14. Nxd4 Bxd4+ 15. Kh1 cxb3 16. cxb3 Bg7 17. Rf3 e5 18. h4 exf4 19. Bxf4 Nc6 20. Bd6 Re8 21. Nd5 Bg4 22. Bc7 Qd7 23. Rd3 Qe6 24. e5 Nxe5 25. Bxe5 Bxe5 26. Qf2 0-1

[Event "Wch U14"]
[Site "Caldas Novas"]
[Date "2011.11.20"]
[Round "4"]
[White "Gardim, Leonardo D'Almada"]
[Black "Abe, Mahiro"]
[Result "0-1"]
[WhiteElo "1528"]
[BlackElo "1867"]
[PlyCount "72"]
[EventDate "2011.11.18"]
[EventType "swiss"]
[EventRounds "9"]
[EventCountry "BRA"]
[SourceTitle "EXT 2013"]
[Source "ChessBase"]
[SourceDate "2012.11.22"]
[SourceVersion "1"]
[SourceVersionDate "2012.11.22"]
[SourceQuality "1"]

1. e4 e5 2. Nf3 Nf6 3. Nxe5 d6 4. Nf3 Nxe4 5. d4 d5 6. Bd3 Nc6 7. c3 Bd6 8. 0-0 0-0 9. h3 Re8 10. Re1 Bf5 11. Ng5 Qd7 12. Nxe4 dxe4 13. Bf1 Ne7 14. Nd2 Nd5 15. Nc4 Nf4 16. Nxd6 Qxd6 17. Bxf4 Qxf4 18. Qe2 Re6 19. Qe3 Qd6 20. f3 Rae8 21. fxe4 Bxe4 22. Bc4 Bd5 23. Qxe6 Rxe6 24. Bxd5 Qxd5 25. b3 Kf8 26. Rad1 Rxe1+ 27. Rxe1 Qa5 28. b4 Qxa2 29. Re3 Qd2 30. Rf3 h5 31. Kh2 g5 32. Kg3 Qe1+ 33. Kh2 g4 34. hxg4 hxg4 35. Rd3 Qh4+ 36. Kg1 g3 0-1

[Event "Ribeirao Preto RECRA 2nd B"]
[Site "Ribeirao Preto"]
[Date "2011.01.25"]
[Round "8.4"]
[White "Gardim, Leonardo D'Almada"]
[Black "Pereira, Andre Luiz Cangemi"]
[Result "1-0"]
[WhiteElo "1537"]
[BlackElo "1201"]
[PlyCount "39"]
[EventDate "2011.01.21"]
[EventType "tourn"]
[EventRounds "9"]
[EventCountry "BRA"]
[SourceTitle "EXT 2022"]
[Source "ChessBase"]
[SourceDate "2021.10.06"]
[SourceVersion "1"]
[SourceVersionDate "2021.10.06"]
[SourceQuality "1"]

1. d4 d5 2. e3 e6 3. Bd3 Nf6 4. Nf3 Nc6 5. c3 Bd6 6. 0-0 0-0 7. Nbd2 Bd7 8. e4 Re8 9. e5 Be7 10. exf6 Bxf6 11. Nb3 a6 12. Re1 b5 13. Bf4 b4 14. Rb1 a5 15. Nc5 Bc8 16. Bb5 Bd7 17. Nxd7 Qxd7 18. Qa4 Qe7 19. Bxc6 Rec8 20. Bxa8 1-0

[Event "Ribeirao Preto RECRA 2nd B"]
[Site "Ribeirao Preto"]
[Date "2011.01.23"]
[Round "5.1"]
[White "Gardim, Leonardo D'Almada"]
[Black "Kajiwara, Joao Kazuyuki"]
[Result "1-0"]
[WhiteElo "1537"]
[BlackElo "1204"]
[PlyCount "23"]
[EventDate "2011.01.21"]
[EventType "tourn"]
[EventRounds "9"]
[EventCountry "BRA"]
[SourceTitle "EXT 2022"]
[Source "ChessBase"]
[SourceDate "2021.10.06"]
[SourceVersion "1"]
[SourceVersionDate "2021.10.06"]
[SourceQuality "1"]

1. d4 Nf6 2. e3 d5 3. Bd3 c5 4. c3 Qc7 5. Nf3 Bg4 6. Nbd2 Nbd7 7. 0-0 e5 8. dxe5 Nxe5 9. Be2 Nxf3+ 10. Nxf3 Ne4 11. Qxd5 Nf6 12. Bb5+ 1-0